Cloud technologies in education

Súčasná globalizovaná spoločnosť sa označuje ako učiaca sa alebo znalostná spoločnosť. K získaniu univerzálnych znalostí je potrebné zosynchronizovať mnohé univerzity niele v EÚ , ale po celom svete. Využitie cloudových technológií vo vzdelávaní.

Gespeichert in:
Bibliographische Detailangaben
1. Verfasser: Sadvakassova, Aigul
Weitere Verfasser: Kultan, Jaroslav, 1960-, Schmidt, Peter, 1968-
Format: Buchkapitel
Sprache:Englisch
Schlagworte:
Tags: Tag hinzufügen
Keine Tags, Fügen Sie das erste Tag hinzu!

MARC

LEADER 00000nla a2200000 4500
001 0236625
005 20240502073827.7
041 0 |a eng 
044 |a SK 
245 1 0 |a Cloud technologies in education  |c Aigul Sadvakassova, Jaroslav Kultan, Peter Schmidt 
520 |a Súčasná globalizovaná spoločnosť sa označuje ako učiaca sa alebo znalostná spoločnosť. K získaniu univerzálnych znalostí je potrebné zosynchronizovať mnohé univerzity niele v EÚ , ale po celom svete. Využitie cloudových technológií vo vzdelávaní. 
610 2 0 |a spoločnosť vedomostná 
610 2 0 |a technológie nové 
610 2 0 |a cloud computing 
610 2 0 |a vzdelávanie elektronické 
610 2 0 |a univerzity 
100 1 |a Sadvakassova, Aigul 
700 1 |a Kultan, Jaroslav, 1960- 
700 1 |a Schmidt, Peter, 1968-